| 000 | 01503 a2200301 4500 | ||
|---|---|---|---|
| 003 | Nust | ||
| 005 | 20221212122820.0 | ||
| 010 | _a 99047341 | ||
| 020 | _a1558605746 | ||
| 040 | _cNust | ||
| 082 | 0 | 0 | _a621.3821,WAL |
| 100 | 1 |
_aWalrand, Jean. _997762 |
|
| 245 | 1 | 0 |
_aHigh-performance communication networks / _cJean Walrand, Pravin Varaiya. |
| 250 | _a2nd ed. | ||
| 260 |
_aSan Francisco : _bMorgan Kaufmann, _cc2000. |
||
| 300 |
_axxii, 693 p. ; _c25 cm. |
||
| 440 | 4 |
_aThe Morgan Kaufmann series in networking _995656 |
|
| 505 | _aOverview (Page-1), Network Services and Layered Architectures (Page-39), Packet-Switched Networks (Page-103), The internet and TCP/ IP Networks (Page-155), Circuit- Switched Networks (Page-205), Asynchronous Transfer Mode (Page-257), Wireless Networks (Page-305), Control of Networks (Page-363), Control of Networks: Mathematical Background (Page-431), Network Economics (Page-489), Optical Networks (Page-541), Switching (Page-575), Toward a global multimedia network (Page-619). | ||
| 650 | 0 |
_aAsynchronous transfer mode. _956041 |
|
| 650 | 0 |
_aComputer networks. _93677 |
|
| 650 | 0 |
_aHigh performance computing. _994234 |
|
| 650 | 0 |
_aMultimedia systems. _936511 |
|
| 650 | 0 |
_aWireless communication systems. _9594 |
|
| 700 | 1 |
_aVaraiya, P.P. _997763 |
|
| 856 | 4 | 1 |
_3Publisher description _uhttp://www.loc.gov/catdir/description/els033/99047341.html |
| 856 | 4 | 1 |
_3Table of contents _uhttp://www.loc.gov/catdir/toc/els033/99047341.html |
| 942 |
_2ddc _cBK |
||
| 999 |
_c218155 _d218155 |
||